| 000 | 00930nam a22003011i 4500 | ||
|---|---|---|---|
| 001 | 13136 | ||
| 003 | ES-MaACL | ||
| 005 | 20250912063033.0 | ||
| 007 | t| | ||
| 008 | 900725s1977 sp r ||||0| spa j | ||
| 016 | 7 | _zIND9100108752 | |
| 020 | _a84-241-4790-1 | ||
| 040 |
_aM-BN _bspa _cA2 |
||
| 080 | _a726.6(465.11 P.) | ||
| 100 | 1 |
_aBurgo, María Antonia del. _932644 |
|
| 245 | 1 | 3 |
_aLa catedral de Pamplona / _c[por] María Antonia del Burgo ; fotografías Ignacio y Javier Larequi. |
| 260 |
_aMadrid [etc.] : _bEverest, _cD.L. 1977. |
||
| 300 |
_a95 p : _bil. col ; _c25 cm. |
||
| 490 | 1 |
_aColección ibérica (Editorial Everest) _9175605 |
|
| 500 | _aIndice. | ||
| 504 | _aBibliografía. | ||
| 610 | 2 | 7 |
_aCatedral de Pamplona. _92521 |
| 700 | 1 |
_aLarequi, Ignacio. _970242 |
|
| 700 | 1 |
_aLarequi, Javier. _970243 |
|
| 852 |
_aES-MaACL _jL-20473 _bR.125188 |
||
| 942 | _2udc | ||
| 999 |
_c13136 _d13136 |
||